• 首页
  • 本馆介绍
  • 公告通知
  • 最新文献
  • 馆藏检索
  • 电子资源
  • 读者荐购
  • 参考咨询
  • CALIS
  • 我的图书馆
  • 登录
  • 详细信息显示
  • 放入我的书架
  • 预约/预借图书
  • 作者相关作品
  • 分类相关作品
  • 丛书相关作品
  • 出版社相关作品

书目信息

  • 表格格式
  • 工作单格式
  • 卡片格式
题名:
排风罩的分类及技术条件:GB/T16758-1997
    
 
作者: 国家技术监督局 发布
分册:  
出版信息: 北京   中国计划出版社  1997.10
页数: 7页
开本: 16开
丛书名:
单 册:
中图分类: TU834.4-65
科图分类:
主题词: 建筑--空气调节 , 房屋建筑设备:空气调节设备 , 房屋建筑设备:采暖设备 , 建筑--通风 , 房屋建筑设备:通风设备
电子资源:
ISBN:
 
 
 
 
 
000 00778nam0 2200241 45
001 0009261696
005 20000926162747.3
010    @d10.00元
100    @a20000926d1997 km y0chiy0120 ea
101 0  @achi
105    @a z 000yy
200 1  @a排风罩的分类及技术条件:GB/T16758-1997@APai Feng Zhao De Fen Lei Ji Ji Shu Tiao Jian:GB/T16758-1997@f国家技术监督局发布@FGuo Jia Ji Shu Jian Du Ju Fa Bu
210    @a北京@c中国计划出版社@d1997.10
215    @a7页@d16开
606 0  @a建筑@x空气调节
606 0  @a房屋建筑设备:空气调节设备
606 0  @a房屋建筑设备:采暖设备
606 0  @a建筑@x通风
606 0  @a房屋建筑设备:通风设备
690    @aTU834.4-65@v3
701  0 @a国家技术监督局@4发布
801    @aCN@bPftUser@c20000926
905    @b154789-793@dTU834.4-65@eG:347@f5
    
    排风罩的分类及技术条件:GB/T16758-1997/国家技术监督局发布.-北京:中国计划出版社,1997.10
    7页;16开
    
    
    ISBN :10.00元
    
●
相关链接 在E读中查询图书 在当当中查询图书 在豆瓣中查询图书


正题名:排风罩的分类及技术条件:GB/T16758-1997     索取号:TU834.4-65/G:347         预约/预借

序号 登录号 条形码 馆藏地/架位号 状态 备注
1 154789   201547898   自科二线404/404自科库 16排4列1层/ [索取号:TU834.4-65/G:347] 在馆    
2 154790   201547905   建筑库201/201建筑库 52排6列1层/ [索取号:TU834.4-65/G:347] 在馆    
3 154791   201547914   建筑库201/201建筑库 52排6列1层/ [索取号:TU834.4-65/G:347] 在馆    
4 154792   201547923   建筑库201/201建筑库 52排6列1层/ [索取号:TU834.4-65/G:347] 在馆    
5 154793   201547932   建筑库201/201建筑库 52排6列1层/ [索取号:TU834.4-65/G:347] 在馆    
河南城建学院图书馆 欢迎您!
大连网信软件有限公司© 版权所有